000
00308nam a22001337a 4500
008
260223b ||||| |||| 00| 0 eng d
020
_a
99510500
041
_a
Shqip
080
_a
321.7
100
_a
20.1
101
_a
letrare
245
_a
Demokracia, Kombi, Vetëvendosja
_c
Fehmi Agani
942
_2
lcc
_c
BK
999
_c
60842
_d
60842